Inarin iltavuoron reitti - Statistics

Yleistilastot
  • Tätä visaa on pelattu 6 kertaa
  • Keskiarvotulos 25 / 113
Vastaustilastot
Hint Vastaus % Oikein
x21:00 Hotelli Ivalo
100%
21:45 K Market Inari
80%
18:5519:05 Sodankylä
80%
x17:28 Napapiiri
60%
x20:08 Tankavaara
40%
x17:40 Vikajärvi
40%
x19:43 Ainikkamäki
20%
x20:50 Alajoki
20%
x17:48 Alanampa
20%
x20:27 Alarinteentie
20%
x20:57 Alatörmänen
20%
x19:41 Almanpalo
20%
x17:33 Apukka
20%
x18:33 Aska
20%
x19:34 Hämäläinen
20%
x19:15 Hannula
20%
x19:19 Hannunoja
20%
x19:14 Hietakangas
20%
x20:42 Hirvasjärvi
20%
x20:31 Honkapolku
20%
x19:45 Iso Poikela
20%
21:05-21:10 Ivalo las
20%
x21:11 Ivalon kirkko
20%
x19:23 Ivalontie 2910
20%
x21:13 Jäkäläjärvi
20%
x20:31 Jokostie
20%
x20:10 Jorpulitie
20%
x20:20 Kakslauttanen
20%
x19:10 Känsäsaarenmaa
20%
x19:05 Karjalampi
20%
x19:17 Kärväskoski
20%
x18:05 Käyrämö
20%
x19:08 Kelukoski
20%
x20:50 Kenttävaara
20%
x19:18 Kersilö
20%
x20:58 Kerttuoja
20%
x19:25 Kielivaarantie
20%
x21:22 Kirakkaköngäs
20%
x20:27 Kiveliöntie
20%
x19:05 Kiviharju
20%
x19:41 Kurittukoski th
20%
x19:41 Kurittusuvanto
20%
x20:21 Kutturan th
20%
x20:02 Kuusikiekerö etel th
20%
x20:04 Kuusikiekerö pohj th
20%
x20:43 Kuutuantie
20%
x20:25 Laanila th
20%
x20:25 Laanipalo
20%
x21:00 Leiritien th
20%
x20:45 Leonjärvi
20%
x19:23 Luolamaa
20%
x18:25 Luosto th.
20%
x19:43 Madetkoski
20%
x20:00 Mäkirinne
20%
x19:22 Matara
20%
x19:20 Mataraselkä
20%
x20:54 Mulkuvaara
20%
x19:14 Myllymaa
20%
x20:59 Näverniemen th
20%
x21:35 Nikulanperäntie
20%
x21:36 Nukkumajoki
20%
x19:15 Ollila
20%
x21:38 Paannetien th.
20%
x20:44 Palkisoja
20%
x19:25 Petkula th
20%
x19:39 Peurasuvanto
20%
x19:48 Pikku Poikela
20%
x19:07 Pohjantie pohj
20%
x20:01 Pokka
20%
x19:24 Posto
20%
x20:55 Puhakka
20%
x19:34 Puisuvanto
20%
x19:14 Puolakka
20%
x20:10 Purnumukka th
20%
18:10 Raudanjoki
20%
17:05 Rautatieasema piha
20%
x17:21 Roimunrotko
20%
x19:56 Roivainen
20%
x20:22 Rönkönvaara
20%
x17:22 Rovakadunpää
20%
17:20 Rovaniemi linja-autoasema
20%
x20:58 Saarineitämövaara
20%
x20:30 Saariselkä Holiday Club
20%
x20:28 Saariselkä Riekonlinna/Hotel Tunturi
20%
x19:13 Sattanen vt 4
20%
x19:12 Sattaskuja
20%
x19:51 Siltaharju
20%
x19:19 Sivula
20%
x20:27 Suopunkitie th
20%
x20:54 Suvikumpu
20%
x20:02 Taivallammentien th
20%
x19:59 Taivalselkä
20%
x21:28 Talvitupa
20%
x21:29 Talvitupajärvi
20%
x20:14 Tankapirtti
20%
x20:56 Teponmäki
20%
x18:00 Tiainen
20%
x20:52 Tolonen th
20%
x20:53 Törmänen
20%
x18:25 Torvinen
20%
x19:18 Töykköläntie
20%
x21:17 Ukonjärvi
20%
x21:36 Uruniemi
20%
x20:35 Urupää
20%
x19:35 Utsamonkosket
20%
x19:49 Uutela
20%
x19:06 Varuskunnantie
20%
x21:37 V.E. Törmäsentie
20%
x18:18 Vuojärvi
20%
20:02 Vuotso
20%
x19:47 Ylikitinen
20%
x17:52 Ylinampa
20%
x20:11 Ylisenvaara
20%
Ehtoja vastaavia visoja ei löytynyt
Tulosjakauma
Jokaisen tuloksen saaneiden osuus
Persentiili vastausten määrän mukaan
Tuloshistoriasi
Et ole pelannut tätä visaa